|
|
|
|
| LEADER |
01888nam a2200433Ia 4500 |
| 001 |
EBC408336 |
| 003 |
MiAaPQ |
| 005 |
20200520144314.0 |
| 006 |
m o d | |
| 007 |
cr cn||||||||| |
| 008 |
900405s1990 ilua sb 101 0 eng d |
| 010 |
|
|
|z 90035942
|
| 020 |
|
|
|z 0226071413 (alk. paper)
|
| 020 |
|
|
|z 9780226071381
|
| 020 |
|
|
|z 9780226071411
|
| 035 |
|
|
|a (MiAaPQ)EBC408336
|
| 035 |
|
|
|a (Au-PeEL)EBL408336
|
| 035 |
|
|
|a (CaPaEBR)ebr10216984
|
| 035 |
|
|
|a (CaONFJC)MIL122319
|
| 035 |
|
|
|a (OCoLC)212412965
|
| 040 |
|
|
|a MiAaPQ
|c MiAaPQ
|d MiAaPQ
|
| 050 |
|
4 |
|a HG3851
|b .I545 1990
|
| 245 |
0 |
0 |
|a International policy coordination and exchange rate fluctuations
|h [electronic resource] /
|c edited by William H. Branson, Jacob A. Frenkel, and Morris Goldstein.
|
| 260 |
|
|
|a Chicago :
|b University of Chicago Press,
|c 1990.
|
| 300 |
|
|
|a x, 382 p. :
|b ill.
|
| 490 |
1 |
|
|a A National Bureau of Economic Research conference report
|
| 500 |
|
|
|a "Contains the papers and their formal discussions presented at a National Bureau of Economic Research conference held at Kiawah Island, South Carolina, on October 27-29, 1988"--Pref.
|
| 504 |
|
|
|a Includes bibliographical references and indexes.
|
| 533 |
|
|
|a Electronic reproduction. Ann Arbor, MI : ProQuest, 2015. Available via World Wide Web. Access may be limited to ProQuest affiliated libraries.
|
| 650 |
|
0 |
|a Foreign exchange administration
|v Congresses.
|
| 650 |
|
0 |
|a International economic relations
|v Congresses.
|
| 655 |
|
4 |
|a Electronic books.
|
| 700 |
1 |
|
|a Branson, William H.
|
| 700 |
1 |
|
|a Frenkel, Jacob A.
|
| 700 |
1 |
|
|a Goldstein, Morris,
|d 1944-
|
| 710 |
2 |
|
|a National Bureau of Economic Research.
|
| 710 |
2 |
|
|a ProQuest (Firm)
|
| 830 |
|
0 |
|a Conference report (National Bureau of Economic Research)
|
| 856 |
4 |
0 |
|u https://ebookcentral.proquest.com/lib/matrademy/detail.action?docID=408336
|z Click to View
|